RICS housing market survey United Kingdom (Record no. 112720)

MARC details
000 -LEADER
fixed length control field 01053cad a22002535a 4500
001 - CONTROL NUMBER
control field L153838
008 - FIXED-LENGTH DATA ELEMENTS--GENERAL INFORMATION
fixed length control field 110913e20110913xxkd f s 000 0 eng d
022 1# - INTERNATIONAL STANDARD SERIAL NUMBER
International Standard Serial Number 1465-1076
035 ## - SYSTEM CONTROL NUMBER
System control number (Sirsi) u153838
041 0# - LANGUAGE CODE
Language code of text/sound track or separate title eng
050 04 - LIBRARY OF CONGRESS CALL NUMBER
Classification number 333.33 $2 18
110 2# - MAIN ENTRY--CORPORATE NAME
Corporate name or jurisdiction name as entry element Royal Institution of Chartered Surveyors
9 (RLIN) 4900
245 00 - TITLE STATEMENT
Title RICS housing market survey United Kingdom
Remainder of title August 2011
Medium [electronic resource]
260 ## - PUBLICATION, DISTRIBUTION, ETC.
Place of publication, distribution, etc. London
Name of publisher, distributor, etc. RICS
Date of publication, distribution, etc. 2011
490 ## - SERIES STATEMENT
Series statement RICS Housing Market Survey United Kingdom
Volume/sequential designation August 2011
520 ## - SUMMARY, ETC.
Summary, etc. Economic uncertainty weighs down on activity levels. House prices continue to decline. Price expectations deteriorate. Regional divergence widens with London pulling away.
521 ## - TARGET AUDIENCE NOTE
Target audience note Advanced
590 ## - LOCAL NOTE (RLIN)
Local note KA
650 24 - SUBJECT ADDED ENTRY--TOPICAL TERM
Topical term or geographic name entry element RICS HOUSING MARKET SURVEY UNITED KINGDOM
651 #4 - SUBJECT ADDED ENTRY--GEOGRAPHIC NAME
Geographic name United Kingdom
Chronological subdivision
690 ## - LOCAL SUBJECT ADDED ENTRY--TOPICAL TERM (OCLC, RLIN)
Topical term or geographic name as entry element PROPERTY-RESIDENTIAL PROPERTY-RESIDENTIAL PROPERTY MARKET
856 40 - ELECTRONIC LOCATION AND ACCESS
Uniform Resource Identifier <a href="https://www.rics.org/site/download_feed.aspx?fileID=10407&fileExtension=PDF">https://www.rics.org/site/download_feed.aspx?fileID=10407&fileExtension=PDF</a>
Public note View the item free of charge at www.rics.org
942 ## - ADDED ENTRY ELEMENTS (KOHA)
Suppress in OPAC 0
Holdings
Withdrawn status Lost status Source of classification or shelving scheme Damaged status Not for loan Home library Current library Shelving location Date acquired Total Checkouts Full call number Barcode Date last seen Copy number Price effective from Koha item type
    Dewey Decimal Classification     Virtual Virtual Online 13/09/2011   ONLINE PUBLICATION 153838-2001 06/08/2019 1 06/08/2019 Book